Developing Countries and Global Trade Negotiations/ (Record no. 9240)

MARC details
000 -LEADER
fixed length control field 00645nam a2200205 4500
003 - CONTROL NUMBER IDENTIFIER
control field OSt
005 - DATE AND TIME OF LATEST TRANSACTION
control field 20240718152220.0
008 - FIXED-LENGTH DATA ELEMENTS--GENERAL INFORMATION
fixed length control field 240718b |||||||| |||| 00| 0 eng d
020 ## - INTERNATIONAL STANDARD BOOK NUMBER
International Standard Book Number 9780415543453
040 ## - CATALOGING SOURCE
Original cataloging agency DDC
Transcribing agency MUST
082 ## - DEWEY DECIMAL CLASSIFICATION NUMBER
Edition number 20
Classification number 338.9 DEV 2007
100 ## - MAIN ENTRY--PERSONAL NAME
Personal name Edired by Larry Crump and S.Javed Maswood
9 (RLIN) 18852
245 ## - TITLE STATEMENT
Title Developing Countries and Global Trade Negotiations/
Statement of responsibility, etc. Edired by Larry Crump and S.Javed Maswood
260 ## - PUBLICATION, DISTRIBUTION, ETC. (IMPRINT)
Place of publication, distribution, etc. USA:
Name of publisher, distributor, etc. Routledge;
Date of publication, distribution, etc. 2007.
300 ## - PHYSICAL DESCRIPTION
Extent xiii,208p.:
Other physical details ill,;
Dimensions 21.4cm
504 ## - BIBLIOGRAPHY, ETC. NOTE
Bibliography, etc Includes Bibliographical Indexes
600 ## - SUBJECT ADDED ENTRY--PERSONAL NAME
Source of heading or term d
650 ## - SUBJECT ADDED ENTRY--TOPICAL TERM
Topical term or geographic name as entry element Developing countries
9 (RLIN) 1180
942 ## - ADDED ENTRY ELEMENTS (KOHA)
Source of classification or shelving scheme Dewey Decimal Classification
Koha item type Open Shelf
Holdings
Withdrawn status Lost status Source of classification or shelving scheme Damaged status Not for loan Home library Current library Source of acquisition Inventory number Total Checkouts Full call number Barcode Date last seen Koha item type
    Dewey Decimal Classification     MUST Main Library MUST Main Library Purchase 15/39015   338.9 DEV 2007 2024-22035 18/07/2024 Open Shelf
    Dewey Decimal Classification     MUST Main Library MUST Main Library Purchase 15/39014   338.9 DEV 2007 2024-22036 18/07/2024 Open Shelf